P. Gottfridi Lumper, Monachi Benedictini Imperialis Monasterii Ad S. Georgium Hercyniae Silvae, p. t. Villingae Prioris Historia Theologico-Critica De Vita, Scriptis Atque Doctrina Sanctorum Patrum, Aliorumque Scriptorum Ecclesiasticorum Trium Primorum Saeculorum Ex Virorum Doctissimorum Literariis Monumentis Collecta. Pars IX, Historiae Theologico-Criticae SS. Patrum

Hlavní autor: Lumper, Gottfried, 1747-1800
Jazyk: Latina
Vydáno: Augustae Vindelicorum : Sumptibus Matthaei Rieger p. m. Filiorum, 1792
Témata:
Externí odkaz: Digitalizovaný dokument (Exemplář z Bavorské státní knihovny)
Fyzický popis: 16 nečíslovaných stran, 676 stran, 2 nečíslované strany ; 8°
Knihy
Uloženo v:
LEADER 04049nam a2200649 i 4500
001 mzk03001273627
003 CZ BrMZK
005 20200728100926.0
007 ta
008 200728s1792 gw fr|||||00| ||latod
040 |a BOA001  |b cze  |e rda 
072 7 |a 2-1  |x Přirozená teologie. Náboženská filozofie  |2 Konspekt  |9 5 
072 7 |a 094  |x Staré tisky  |2 Konspekt  |9 12 
080 |a 2-1  |2 MRF 
080 |a 27-9"01/07"-284-051  |2 MRF 
080 |a 27-36  |2 MRF 
080 |a 27  |2 MRF 
080 |a 27-27  |2 MRF 
080 |a 025.171  |2 MRF 
080 |a (0.068)094  |2 MRF 
100 1 |a Lumper, Gottfried,  |d 1747-1800  |4 aut 
245 1 0 |a P. Gottfridi Lumper, Monachi Benedictini Imperialis Monasterii Ad S. Georgium Hercyniae Silvae, p. t. Villingae Prioris Historia Theologico-Critica De Vita, Scriptis Atque Doctrina Sanctorum Patrum, Aliorumque Scriptorum Ecclesiasticorum Trium Primorum Saeculorum Ex Virorum Doctissimorum Literariis Monumentis Collecta.  |n Pars IX,  |p Historiae Theologico-Criticae SS. Patrum 
246 3 0 |a Historiae Theologico-Criticae SS. Patrum 
246 3 3 |a Historia Theologico-Critica 
246 3 8 |a LUMPER HISTORIA THEOL. CRITICA PARS. IX. 
264 1 |a Augustae Vindelicorum :  |b Sumptibus Matthaei Rieger p. m. Filiorum,  |c 1792 
300 |a 16 nečíslovaných stran, 676 stran, 2 nečíslované strany ;  |c 8° 
336 |a text  |b txt  |2 rdacontent 
337 |a bez média  |b n  |2 rdamedia 
338 |a svazek  |b nc  |2 rdacarrier 
500 |a Rozsah: [16], 676, [2] s. 
500 |a Výzdoba: Na titulním listu nad impresem ozdobná linka, mědirytinový signet (čtyři knihy ležící na zemi, vpravo kamenná tabulka s vyrytým monogramem tiskaře MR, po stranách rostoucí stromy, v pozadí slunce za kopcem, v horní části nápisová páska s textem: Dispellit Tenebras), ozdobná linka, viněty, vlys, jednoduché linky 
500 |a Titulní list tištěn majuskulou 
561 |a Provenience: [supralibros] I.A.B [Jacobus II. Chmel] 
561 |a Provenience: [m.p.] Monasterii Braunensis O. S. B. 
561 |a Provenience: [razítko] S.A.B. BRAUNAU 
561 |a Provenience: [razítko] Státní vědecká knihovna Hradec Králové 4528 
563 |a Původní polousňová vazba, lepenkové desky polepené zeleným papírem, rohy a hřbet usní potažené hovězinou barvenou zeleně, na přední knižní desce zlacené slepotiskové supralibros opata Jacoba Chmela (V barokní kartuši alianční znak břevnovského kláštera, heraldicky v pravém štítu kosmo položené břevno se třemi suky, v heraldicky levém štítu šikmo tři zlatá břevna, v prostředním tři růže (1,1,1). Na štítech položená mitra s fimbriemi odletujícími heraldicky vlevo, z heraldicky pravé strany podložená opatskou berlou. Nad znakem iniciály I.A.B.), na zadní knižní desce zlacený slepotiskový medailon zdobený florálními motivy a mašlí, ořízka barvená žlutě, hřbet zdobený zlaceným slepotiskem v podobě vavřínového věnce visícího na kruhu, větviček, vázy a piedestalu s hořícím srdcem, na hřbetě zlacený nápisový štítek 
650 7 |a teologie  |7 ph116425  |2 czenas 
650 7 |a církevní otcové  |7 ph114286  |2 czenas 
650 7 |a hagiografie  |7 ph120634  |2 czenas 
650 7 |a křesťanství  |7 ph115073  |2 czenas 
650 7 |a biblistika  |7 ph118873  |2 czenas 
650 7 |a historické knihovní fondy  |7 ph172933  |2 czenas 
655 7 |a staré tisky  |7 fd422076  |2 czenas 
856 4 2 |u https://reader.digitale-sammlungen.de/de/fs1/object/display/bsb10606673_00005.html  |y Digitalizovaný dokument  |z Exemplář z Bavorské státní knihovny 
903 |a RP 
910 |a NAG950  |b B - II. F. 27,9 
978 |b Rieger, Matthäus a synové  |a Augsburg  |c 1792 
981 1 |a Chmel, Jakub,  |d 1727-1805  |7 mzk2009509963 
982 0 |a Broumov - benediktinský klášter 
982 0 |a Hradec Králové - SVK 
984 |a Augsburg  |b Německo 
985 |a 1751-1800 
990 |a BK 
991 |k broumov 
980 |c 003917  |g B - II. F. 27,9  |1 458950003917  |p II. F. 10; II. F. 31